| 000 | 00860nab a2200253 u 4500 | ||
|---|---|---|---|
| 001 | 15131 | ||
| 003 | HDC | ||
| 007 | cr bn ---aaaaa | ||
| 008 | 210217c20150211my dr|nes 0 a may d | ||
| 040 | _aHDC | ||
| 100 |
_aHayati Ibrahim _eauthor _98495 |
||
| 245 | 0 |
_aBukti kita ikut prinsip Islam / oleh _cHayati Ibrahim |
|
| 260 |
_aKuala Lumpur : _bThe New Straits Times Press (M) Bhd., _c2015 |
||
| 336 |
_atext _2rdacontent |
||
| 337 |
_acomputer _2rdamedia |
||
| 338 |
_aonline resource _2rdacarrier |
||
| 650 |
_aadministrative system _zMalaysia _915444 |
||
| 650 |
_asharia index _915443 |
||
| 710 | _aHarian Metro | ||
| 856 | _zRequest full-text at [email protected] | ||
| 942 | _2lcc | ||
| 942 | _cNEWS | ||
| 942 | _kNWSC 005704 | ||
| 999 |
_c12447 _d12447 |
||